Development of a laboratory-scale leaching plant for metal extraction from fly ash by thiobacillus strains /

שמור ב:
מידע ביבליוגרפי
מחבר ראשי: Brombacher, Christoph.
מחברים אחרים: Bachofen, Reinhard., Brandl, Helmut.
פורמט: Bài viết
שפה:English
נושאים:
תגים: הוספת תג
אין תגיות, היה/י הראשונ/ה לתייג את הרשומה!
Thư viện lưu trữ: Thư viện Trường Đại học Đà Lạt
LEADER 01093nam a2200337 4500
001 DLU090091365
005 ##20091201
040 # # |a DLU  |b eng 
041 # # |a eng 
044 # # |a us 
100 # # |a Brombacher, Christoph. 
245 # # |a Development of a laboratory-scale leaching plant for metal extraction from fly ash by thiobacillus strains /  |c Christoph Brombacher, Reinhard Bachofen, Helmut Brandl. 
653 # # |a Bacterial leaching 
653 # # |a Fly ash 
653 # # |a Incineration 
653 # # |a Mixed microorganism culture 
653 # # |a Thiobacillus ferrooxidans 
653 # # |a Thiobacillus thiooxidans 
653 # # |a Waste treatment 
700 # # |a Bachofen, Reinhard. 
700 # # |a Brandl, Helmut. 
773 # # |t Applied and Environmental Microbiology  |g Vol. 64, no. 4 (April 1998), p. 1237-1241 
920 # # |a Phòng Tạp chí -- Trung tâm Thông tin - Thư viện Trường Đại học Đà Lạt 
994 # # |a DLU 
900 # # |a True 
911 # # |a Trương Bảo Trâm Anh 
925 # # |a G 
926 # # |a A 
927 # # |a BB 
980 # # |a Thư viện Trường Đại học Đà Lạt